Estudio comparativo de las propiedades fisico-mecanicas de mezclas de concreto de 3000 PSI con aditivo RMIX S30 y Mezclas de Concreto de 3000 PSI con sin uso de aditivos.
La investigación presenta dos tipos de cementos, cemento Canal y Canal Plus 5000 que de acuerdo a las normas ASTM C 1157, son cementos tipo GU y HE respectivamente, para hacer una comparación del comportamiento de los mismos con el aditivo RMIX S30 y comprobar que tan efectivos es el uso de dicho...
| Main Author: | |
|---|---|
| Other Authors: | |
| Format: | Tesis Section = Libro |
| Language: | Undetermined Spanish |
| Published: |
Managua
UNI
2017
|
| Subjects: |
| LEADER | 01154nam a2200253Ia 4500 | ||
|---|---|---|---|
| 008 | 240830s9999 xx 000 0 und d | ||
| 040 | |a BIBLIOTECA-RUPAP Mon 624.1834 A659 | ||
| 041 | |a spa | ||
| 082 | |a Mon 624.1834 A659 | ||
| 100 | 1 | |a Aragón Gutiérrez, Brenda Verónica | |
| 245 | 1 | 0 | |a Estudio comparativo de las propiedades fisico-mecanicas de mezclas de concreto de 3000 PSI con aditivo RMIX S30 y Mezclas de Concreto de 3000 PSI con sin uso de aditivos. |
| 260 | |a Managua |b UNI |c 2017 | ||
| 300 | |a 151 p. :il. | ||
| 500 | |a Contiene: anexos. | ||
| 502 | |a Tesis (Ingeniero Civil)- UNI, 2017. | ||
| 520 | 3 | |a La investigación presenta dos tipos de cementos, cemento Canal y Canal Plus 5000 que de acuerdo a las normas ASTM C 1157, son cementos tipo GU y HE respectivamente, para hacer una comparación del comportamiento de los mismos con el aditivo RMIX S30 y comprobar que tan efectivos es el uso de dicho aditivo. | |
| 650 | 7 | |a CONCRETO-ADITIVOS | |
| 650 | 7 | |b PROPIEDADES FISICO-MECANICAS-MEZCLAS | |
| 650 | 7 | |c CONCRETO | |
| 650 | 7 | |d CEMENTO | |
| 700 | 1 | |a Tutor: |b Morales Urbina, Israel | |
| 942 | |c BK |2 ddc | ||
| 991 | |a TESIS | ||
| 999 | |c 15898 | ||